000 00639cam a2200193 i 4500
005 20260225103856.0
008 250721s2006 le gr 000 0 ara d
082 1 4 _a415.11
_bق ي ق
100 1 _aقيقانو، أنطوان
_eمؤلف.
245 1 0 _aمعجم تعدي الأفعال /
_cانطون ب قيقانو.
264 3 1 _aبيروت :
_bدار المراد للنشر،
_c2006.
300 _a483 صفحة. .
650 1 7 _aاللغة العربية.
650 1 7 _aقواعد اللغة.
650 1 7 _aالأفعال (نحو).
650 1 7 _aعلم الصرف.
942 _2ddc
_cBK
999 _c121949
_d121949